000 00346nam a2200097Ia 4500
008 171204s9999 xx 000 0 und d
245 _aInformation Security Policies, Procedures, and Standards: A Practitioner's Reference:
260 _c2016
650 _xFUNDAMENTALS OF INFORMATION SECURITY
856 _uhttp://down.ebook777.com/051/1482245892.pdf
999 _c347184
_d347184